squadre serie a-b-c - Statistics

Statistiche generali
  • Questo quiz è stato fatto 116 volte
  • Il punteggio medio è 62 su 99
Statistiche sulle risposte
Hint Risposta % Corretto
SERIE A INTER
97%
SERIE A JUVENTUS
97%
SERIE A ATALANTA
96%
SERIE A FIORENTINA
95%
SERIE A MILAN
95%
SERIE A TORINO
95%
SERIE A COMO
94%
SERIE A GENOA
94%
SERIE A LAZIO
94%
SERIE A LECCE
94%
SERIE A ROMA
94%
SERIE A NAPOLI
92%
SERIE A PISA
92%
SERIE A BOLOGNA
91%
SERIE A CREMONESE
91%
SERIE A UDINESE
91%
SERIE A VERONA
91%
SERIE A SASSUOLO
90%
SERIE A CAGLIARI
87%
SERIE B SAMPDORIA
87%
SERIE B MONZA
86%
SERIE A PARMA
85%
SERIE B BARI
84%
SERIE B VENEZIA
84%
SERIE B FROSINONE
81%
SERIE B PALERMO
81%
SERIE C GIRONE C SALERNITANA
81%
SERIE B PESCARA
76%
SERIE C GIRONE C CATANIA
75%
SERIE B PADOVA
75%
SERIE B AVELLINO
73%
SERIE B EMPOLI
73%
SERIE B CESENA
72%
SERIE B SUDTIROL
72%
SERIE C GIRONE A VICENZA
72%
SERIE C GIRONE A BRESCIA
71%
SERIE B MODENA
71%
SERIE C GIRONE B PERUGIA
71%
SERIE B SPEZIA
71%
SERIE B MANTOVA
70%
SERIE C GIRONE C BENEVENTO
68%
SERIE C GIRONE A LECCO
68%
SERIE C GIRONE C FOGGIA
67%
SERIE B REGGIANA
67%
SERIE B CATANZARO
66%
SERIE C GIRONE A PRO VERCELLI
66%
SERIE C GIRONE B TERNANA
66%
SERIE B CARRARESE
61%
SERIE B JUVE STABIA
61%
SERIE C GIRONE A NOVARA
61%
SERIE C GIRONE A TRIESTINA
61%
SERIE B VIRTUS ENTELLA
61%
SERIE C GIRONE C LATINA
59%
SERIE C GIRONE C COSENZA
58%
SERIE C GIRONE B LIVORNO
58%
SERIE C GIRONE B RAVENNA
58%
SERIE C GIRONE A TRENTO
58%
SERIE C GIRONE A ALBINOLEFFE
57%
SERIE C GIRONE B ASCOLI
57%
SERIE C GIRONE C CROTONE
56%
SERIE C GIRONE C TRAPANI
54%
SERIE C GIRONE A INTER U23
53%
SERIE C GIRONE C POTENZA
53%
SERIE C GIRONE B AREZZO
52%
SERIE C GIRONE C ATALANTA U 23
51%
SERIE C GIRONE B JUVENTUS NEXT GEN
51%
SERIE C GIRONE A PRO PATRIA
51%
SERIE C GIRONE B CAMPOBASSO
48%
SERIE C GIRONE C CASERTANA
48%
SERIE C GIRONE A ALCIONE
47%
SERIE C GIRONE A DOLOMITI BELLUNESI
47%
SERIE C GIRONE A RENATE
46%
SERIE C GIRONE B TORRES
46%
SERIE C GIRONE A VIRTUS VERONA
46%
SERIE C GIRONE B BRA
43%
SERIE C GIRONE B CARPI
43%
SERIE C GIRONE B PINETO
43%
SERIE C GIRONE C SIRACUSA
43%
SERIE C GIRONE B FORLÌ
42%
SERIE C GIRONE B SAMBENEDETTESE
42%
SERIE C GIRONE A CITTADELLA
41%
SERIE C GIRONE C MONOPOLI
41%
SERIE C GIRONE A GIANA ERMINIO
39%
SERIE C GIRONE C AUDACE CERIGNOLA
38%
SERIE C GIRONE B PIANESE
38%
SERIE C GIRONE A LUMEZZANE
37%
SERIE C GIRONE C ALTAMURA
35%
SERIE C GIRONE C PICERNO
35%
SERIE C GIRONE B PONTEDERA
35%
SERIE C GIRONE B VIS PESARO
34%
SERIE C GIRONE C CAVESE
33%
SERIE C GIRONE B GUBBIO
33%
SERIE C GIRONE C SORRENTO
33%
SERIE C GIRONE A ARZIGNANO VALCHIAMPO
32%
SERIE C GIRONE A PERGOLETTESE
32%
SERIE C GIRONE C CASARANO
30%
SERIE C GIRONE B GUIDONIA MONTECELIO
24%
SERIE C GIRONE C GIULIANO
20%
SERIE C GIRONE A OSPITALETTO FRANCIACORTA
15%
Nessun quiz corrispondente trovato
Distribuzione punteggi
Percentuale di utenti per punteggio
Percentile per numero di risposta
I tuoi punteggi nel tempo
Non hai fatto questo quiz